[Event "Campos Migjorn op"]
[Site "Campos"]
[Date "2019.09.14"]
[Round "4"]
[White "Cerdo Fernandez, Miguel"]
[Black "Soler Adrover, Cosme"]
[Result "1-0"]
[WhiteElo "1840"]
[BlackElo "1570"]
[PlyCount "64"]
[EventDate "2019.09.06"]
[EventType "swiss"]
[EventRounds "8"]
[EventCountry "ESP"]
[SourceTitle "EXT 2020"]
[Source "ChessBase"]
[SourceDate "2019.10.17"]
[SourceVersion "1"]
[SourceVersionDate "2019.10.17"]
[SourceQuality "1"]

1. e4 c5 2. Nf3 d6 3. d4 cxd4 4. Nxd4 e5 5. Nb5 a6 6. N5c3 Nf6 7. Be2 Be7 8. 0-0 Be6 9. Bg5 Nbd7 10. Nd2 h6 11. Be3 Qc7 12. f4 exf4 13. Rxf4 g5 14. Rf1 Ne5 15. Kh1 0-0-0 16. Nb3 d5 17. exd5 Nxd5 18. Nxd5 Bxd5 19. Qe1 Qc6 20. Qf2 g4 21. Qf5+ Nd7 22. Qf2 Rdg8 23. Nd4 Qb6 24. Nf5 Bd8 25. Bd3 Qe6 26. Bf4 h5 27. Nd6+ Kb8 28. Nb5+ Bc7 29. Nxc7 Qc6 30. Nxd5+ Ka8 31. Ne7 Qa4 32. Nxg8 Rxg8 1-0

[Event "Campos Migjorn op"]
[Site "Campos"]
[Date "2019.09.06"]
[Round "1"]
[White "Soler Adrover, Cosme"]
[Black "Queirolo Perez, Manuel"]
[Result "0-1"]
[WhiteElo "1570"]
[BlackElo "2157"]
[PlyCount "48"]
[EventDate "2019.09.06"]
[EventType "swiss"]
[EventRounds "8"]
[EventCountry "ESP"]
[SourceTitle "EXT 2020"]
[Source "ChessBase"]
[SourceDate "2019.10.17"]
[SourceVersion "1"]
[SourceVersionDate "2019.10.17"]
[SourceQuality "1"]

1. f4 e5 2. fxe5 d6 3. exd6 Bxd6 4. Nf3 Nf6 5. Nc3 c6 6. b3 Qc7 7. e3 Bg4 8. Qe2 0-0 9. Bb2 Nbd7 10. 0-0-0 b5 11. Qf2 a5 12. h3 Bg3 13. Qg1 Bh5 14. Bd3 a4 15. Ba3 Bd6 16. b4 Bg3 17. Ng5 Bxd1 18. Qxd1 Ne5 19. Bf5 Nc4 20. Nce4 Qe5 21. Nxf6+ Qxf6 22. Bxh7+ Kh8 23. c3 Qxg5 24. Be4 Nxa3 0-1

[Event "Mallorca-ch C"]
[Site "Palma de Mallorca"]
[Date "2018.11.17"]
[Round "3.2"]
[White "Ruiz Ruiz, Francisco Gabriel"]
[Black "Soler Adrover, Cosme"]
[Result "1-0"]
[WhiteElo "1620"]
[BlackElo "1546"]
[PlyCount "43"]
[EventDate "2018.11.10"]
[EventType "swiss"]
[EventRounds "6"]
[EventCountry "ESP"]
[SourceTitle "EXT 2024"]
[Source "ChessBase"]
[SourceDate "2023.10.10"]
[SourceVersion "1"]
[SourceVersionDate "2023.10.10"]
[SourceQuality "1"]

1. d4 e6 2. e4 b6 3. c3 Bb7 4. Nd2 Nf6 5. Bd3 c5 6. Ngf3 Nc6 7. 0-0 cxd4 8. cxd4 Be7 9. a3 Qc7 10. b4 a6 11. Bb2 Qf4 12. Re1 h5 13. Nf1 Qc7 14. Rc1 0-0-0 15. d5 exd5 16. Bxf6 gxf6 17. exd5 Rhg8 18. Rxe7 Qf4 19. dxc6 dxc6 20. Rc3 Kb8 21. Qe2 Qg4 22. Ne3 1-0

[Event "Mallorca-ch Tercera"]
[Site "Palma"]
[Date "2017.12.09"]
[Round "5.3"]
[White "Garcia Feore, Daniel James"]
[Black "Soler Adrover, Cosme"]
[Result "1-0"]
[WhiteElo "1317"]
[BlackElo "1560"]
[PlyCount "60"]
[EventDate "2017.12.02"]
[EventType "swiss"]
[EventRounds "8"]
[EventCountry "ESP"]
[SourceTitle "EXT 2024"]
[Source "ChessBase"]
[SourceDate "2023.10.10"]
[SourceVersion "1"]
[SourceVersionDate "2023.10.10"]
[SourceQuality "1"]

1. e4 c5 2. Nf3 d6 3. d4 cxd4 4. Nxd4 e5 5. Nf3 Nf6 6. Nc3 Be7 7. Bc4 0-0 8. 0-0 Qc7 9. Bb3 a6 10. Bg5 Nbd7 11. Nh4 Nc5 12. Bxf6 Bxf6 13. Nd5 Qd8 14. Nf3 Nxe4 15. Nd2 Nc5 16. Nc4 Be6 17. Ncb6 Rb8 18. Qf3 e4 19. Nxf6+ Kh8 20. Nxe4 Nxb3 21. axb3 Qxb6 22. Rfd1 Rbd8 23. c4 Qb4 24. Ra4 Qb6 25. Qd3 Bf5 26. Qd4 Bxe4 27. Qxb6 Rde8 28. Rda1 d5 29. h3 Re7 30. f3 Bg6 1-0